| 000 | 00436 a2200133 4500 | ||
|---|---|---|---|
| 001 | 87625 | ||
| 082 | _aPR 06 | ||
| 090 |
_c41078 _d41078 |
||
| 100 | _aFiza, Plt Off 15215 69 (B) EC | ||
| 245 | _aStudy of efficiency of lightning arresters and earthing equipment for sensors and communication equipment | ||
| 260 |
_aRisalpur _bCAE PAF Academy Risalpur _c2010 |
||
| 300 |
_axi, 112p. _eMudassir Iqbal Wg Cdr |
||
| 500 | _aBE Project Reports | ||
| 942 |
_aCAE NUST _kPR 06 |
||
| 999 |
_c322698 _d322698 |
||